000 00860cam a2200289 a 4500
001 1370757
003 OSt
005 20170518103443.0
008 810730s1982 enka b 001 0 eng
010 _a 81012144
020 _a0710008929 :
_c$21.00
020 _a0710008937 (pbk.) :
_c$10.00
040 _aDLC
_cDLC
_dDLC
050 0 0 _aHM48
_b.M45
082 0 0 _a301/.07/2
_219
100 1 _aMenzies, Ken.
245 1 0 _aSociological theory in use /
_cKen Menzies.
260 _aLondon ;
_aBoston :
_bRoutledge & Kegan Paul,
_c1982.
300 _ax, 250 p. :
_bill. ;
_c23 cm.
500 _aIncludes index.
504 _aBibliography: p. [214]-237.
650 0 _aSociology
_xResearch.
650 0 _aSociology
_xResearch
_xEvaluation.
650 0 _aSociology
_xMethodology.
906 _a7
_bcbc
_corignew
_d1
_eocip
_f19
_gy-gencatlg
942 _2lcc
_cLOAN LOAN
999 _c24771
_d24771